000 00943nam a2200253Ia 4500
003 OSt
005 20220923215415.0
006 a|||||r|||| 00| 0
007 ta
008 220922b |||||||| |||| 00| 0 hin d
024 _a178,454
037 _cTextual
040 _aARTS
_cARTS
_bhin
041 _2hin
_ahin
082 _aO152,1M68x, M8
100 _aचतुर्वेदी, नरेश चन्द्र, संपा.
_9163820
245 0 _aराय देवी प्रसाद पूर्ण रचनावली
246 _aRāya devī prasād pūrṇa rachanāvalī
260 _aनई दिल्ली
_b सचिन प्रकाशन
_c1988
300 _a265 पृ.
_ccm.
650 _aहिन्दी साहित्य
_9156264
942 _hO152,1M68x, M8
_cTEXL
_2CC
999 _c331836
_d331836